Online
Catalog

Confederación nacional de profesionales universitarios. / (Record no. 29351)

MARC details
000 -CABECERA
campo de control de longitud fija 01569nam a2200265 a 4500
001 - NÚMERO DE CONTROL
campo de control 000029859
003 - IDENTIFICADOR DEL NÚMERO DE CONTROL
campo de control DO-SdBNP
005 - FECHA Y HORA DE LA ÚLTIMA TRANSACCIÓN
campo de control 20220825120825.0
007 - CAMPO FIJO DE DESCRIPCIÓN FÍSICA--INFORMACIÓN GENERAL
campo de control de longitud fija ta
008 - DATOS DE LONGITUD FIJA--INFORMACIÓN GENERAL
campo de control de longitud fija 110426s1956 dr ac 000 0 spa d
040 ## - FUENTE DE LA CATALOGACIÓN
Centro catalogador/agencia de origen DO-SdBNP
Lengua de catalogación spa
Centro/agencia transcriptor BNPHU
082 ## - NÚMERO DE LA CLASIFICACIÓN DECIMAL DEWEY
Número de clasificación 378.124
Número de documento/Ítem R426c
110 1# - ENTRADA PRINCIPAL--NOMBRE DE ENTIDAD CORPORATIVA
Nombre de entidad corporativa o nombre de jurisdicción como elemento de entrada República Dominicana.
Unidad subordinada Confederación nacional de profesionales universitarios
9 (RLIN) 56608
240 10 - TÍTULO UNIFORME
Título uniforme Ley que instituye los colegios de profesionales universitarios y la confederación nacional de profesionales universitarios /
245 10 - MENCIÓN DE TÍTULO
Título Confederación nacional de profesionales universitarios. /
260 ## - PUBLICACIÓN, DISTRIBUCIÓN, ETC.
Lugar de publicación, distribución, etc. Ciudad Trujillo, República Dominicana :
Nombre del editor, distribuidor, etc. Editora Arte y Ciencia,
Fecha de publicación, distribución, etc. 1956.
300 ## - DESCRIPCIÓN FÍSICA
Extensión 76 p. :
Otras características físicas il., rets. ;
Dimensiones 23 cm.
505 0# - NOTA DE CONTENIDO CON FORMATO
Nota de contenido con formato Ley que instituye los colegios de profesionales universitarios y la confederación nacional de profesionales universitarios /
Título Decreto que aprueba los estatutos de la confederación nacional de profesionales universitarios/
-- Decreto que aprueba los estatutos para regir la organización y el funcionamiento de los colegios de profesionales universitarios /
-- Decreto que reconoce como organismos oficiales autónomos dotados de personalidades jurídica a los colegios de profesionales universitarios de la república /
590 ## - NOTA LOCAL (RLIN)
Nota local Inventariado, 2022/ YL
610 ## - PUNTO DE ACCESO ADICIONAL DE MATERIA--NOMBRE DE ENTIDAD CORPORATIVA
Nombre de entidad corporativa o nombre de jurisdicción como elemento de entrada Confederación Nacional de Colegio de Profesionales Universitarios
9 (RLIN) 82250
650 #4 - PUNTO DE ACCESO ADICIONAL DE MATERIA--TÉRMINO DE MATERIA
Término de materia o nombre geográfico como elemento de entrada Profesionales universitarios
Subdivisión geográfica República Dominicana
9 (RLIN) 82251
650 #4 - PUNTO DE ACCESO ADICIONAL DE MATERIA--TÉRMINO DE MATERIA
Término de materia o nombre geográfico como elemento de entrada Legislación
Subdivisión geográfica República Dominicana
9 (RLIN) 3032
910 ## - DATOS DE OPCIÓN DEL USUARIO (OCLC)
Datos de opción del usuario YLockward
942 ## - ELEMENTOS DE PUNTO DE ACCESO ADICIONAL (KOHA)
Fuente del sistema de clasificación o colocación Dewey Decimal Classification
Tipo de ítem Koha Libro
Holdings
Estado de retiro Estado de pérdida Fuente del sistema de clasificación o colocación Restricciones de uso No para préstamo Código de colección Localización permanente Ubicación/localización actual Ubicación en estantería Fecha de adquisición Número de inventario Signatura topográfica completa Código de barras Fecha visto por última vez Precio válido a partir de Tipo de ítem Koha
    Dewey Decimal Classification Excluido de préstamo   Patrimonio Dominicano Raros y Valiosos Biblioteca Nacional Pedro Henríquez Ureña Biblioteca Nacional Pedro Henríquez Ureña Depósito 26.04.2011 LF1 xxx R426c 29859-10 25.06.2020 25.06.2020 Libro

Powered by Koha